[Event "Ambelokipi op 131th"]
[Site "Athens"]
[Date "2013.01.12"]
[Round "1"]
[White "Drakos, Konstantinos"]
[Black "Vazelakis, Dimitrios"]
[Result "0-1"]
[WhiteElo "1629"]
[BlackElo "2003"]
[PlyCount "38"]
[EventDate "2013.01.12"]
[EventType "swiss"]
[EventRounds "7"]
[EventCountry "GRE"]
[SourceTitle "EXT 2024"]
[Source "ChessBase"]
[SourceDate "2023.10.10"]
[SourceVersion "1"]
[SourceVersionDate "2023.10.10"]
[SourceQuality "1"]

1. Nf3 d6 2. g3 e5 3. e4 f5 4. exf5 Bxf5 5. d3 Nf6 6. Bg2 Nc6 7. 0-0 Be7 8. Nbd2 Qd7 9. Re1 0-0 10. b3 Bh3 11. Bh1 Qg4 12. Nf1 Qh5 13. c3 Ng4 14. Bg2 Kh8 15. Re2 Bxg2 16. Kxg2 Rxf3 17. Kxf3 Qh3 18. Ke4 d5+ 19. Kxd5 Nf6+ 0-1

[Event "Ambelokipi op 127th"]
[Site "Athens"]
[Date "2012.09.08"]
[Round "1"]
[White "Drakos, Konstantinos"]
[Black "Anastasopoulos, Spyros"]
[Result "0-1"]
[WhiteElo "1662"]
[BlackElo "2228"]
[PlyCount "120"]
[EventDate "2012.09.08"]
[EventType "swiss"]
[EventRounds "7"]
[EventCountry "GRE"]
[SourceTitle "EXT 2024"]
[Source "ChessBase"]
[SourceDate "2023.10.10"]
[SourceVersion "1"]
[SourceVersionDate "2023.10.10"]
[SourceQuality "1"]

1. e4 c5 2. Nf3 d6 3. d4 cxd4 4. Nxd4 Nf6 5. Nc3 a6 6. f3 e5 7. Nb3 Be6 8. Be3 Nbd7 9. g4 b5 10. g5 Nh5 11. Qd2 Be7 12. 0-0-0 0-0 13. Kb1 Qc7 14. Nd5 Bxd5 15. exd5 Nb6 16. Nc1 Rfc8 17. c3 Rab8 18. Bxb6 Qxb6 19. Ne2 Qf2 20. Bh3 Rc5 21. Bg4 Nf4 22. Nxf4 Qxd2 23. Rxd2 Bxg5 24. h3 Bxf4 25. Rdd1 Rb7 26. Bf5 g6 27. Rhg1 b4 28. cxb4 Rxb4 29. Bd7 Be3 30. Rg4 Bd4 31. b3 Rxd5 32. f4 Rc5 33. fxe5 dxe5 34. Rf1 a5 35. h4 Rc7 36. Ba4 h5 37. Rg3 Kg7 38. Be8 Rb8 39. Ba4 f5 40. Rxf5 Rbc8 41. Rf1 Rc3 42. Rxc3 Rxc3 43. Bd7 e4 44. Rf4 Rc1+ 45. Kxc1 Be3+ 46. Kd1 Bxf4 47. Ke2 Kf6 48. Be8 Bh6 49. Kf2 Kf5 50. Ke2 Bf4 51. Bf7 Bg3 52. a3 Bxh4 53. b4 axb4 54. axb4 Be7 55. b5 Bc5 56. Bc4 g5 57. Kf1 Kf4 58. Kg2 g4 59. Be2 h4 60. Bc4 h3+ 0-1